[Event "SVK-ch op"]
[Site "Zvolen SVK"]
[Date "2000.09.03"]
[Round "9"]
[White "Krnan, Tomas"]
[Black "Palecek, Peter"]
[Result "1-0"]
[WhiteElo "2123"]
[BlackElo "2216"]
[PlyCount "125"]
[GameId "2129405154286869"]
[EventDate "2000.08.27"]
[EventType "swiss"]
[EventRounds "9"]
[EventCountry "SVK"]
[SourceTitle "EXT 2001"]
[Source "ChessBase"]
[SourceDate "2000.11.22"]
[SourceVersion "1"]
[SourceVersionDate "2000.11.22"]
[SourceQuality "1"]

1. e4 c5 2. d4 cxd4 3. c3 d5 4. exd5 Qxd5 5. cxd4 Nc6 6. Nf3 Bg4 7. Nc3 Bxf3 8. gxf3 Qxd4 9. Qxd4 Nxd4 10. Nb5 O-O-O 11. Nxd4 Rxd4 12. Be3 Rd6 13. Bxa7 Nf6 14. Bb5 Re6+ 15. Kf1 b6 16. Ba6+ Kc7 17. Rc1+ Rc6 18. Bb8+ Kxb8 19. Rxc6 e6 20. Rxb6+ Ka7 21. Rc6 Bb4 22. a3 Ba5 23. b4 Bb6 24. Rc8 Rxc8 25. Bxc8 Nd5 26. Ke1 Bd4 27. Bd7 Bb2 28. Ke2 Kb6 29. a4 Ba3 30. Be8 Bxb4 31. Bxf7 Nc3+ 32. Kd3 Nxa4 33. Rb1 Kc5 34. Bxe6 Nb6 35. Bg8 h6 36. Ke4 Nd7 37. Kf5 Nf8 38. Bf7 Bc3 39. Rc1 Kb4 40. Rd1 Nh7 41. h4 Nf6 42. Kg6 h5 43. Rb1+ Ka5 44. Kxg7 Ng4+ 45. Kf8 Nxf2 46. Be8 Nh3 47. Rb5+ Ka6 48. Rxh5 Nf4 49. Rh6+ Kb7 50. h5 Bd2 51. Rh7+ Kc8 52. Rd7 Bb4+ 53. Kg8 Nxh5 54. Rd4 Nf6+ 55. Kf7 Nxe8 56. Kxe8 Be1 57. f4 Kc7 58. f5 Bf2 59. Rc4+ Kd6 60. f6 Ke6 61. f7 Bg1 62. f8=Q Bc5 63. Qxc5 1-0

[Event "Slovan op"]
[Site "Bratislava SVK"]
[Date "2000.??.??"]
[Round "2.8"]
[White "Krnan, Tomas"]
[Black "Schwarz, Dusan"]
[Result "1-0"]
[WhiteElo "2030"]
[BlackElo "2208"]
[PlyCount "75"]
[GameId "2129405156158849"]
[EventDate "2000.04.29"]
[EventType "swiss"]
[EventRounds "9"]
[EventCountry "SVK"]
[SourceTitle "EXT 2001"]
[Source "ChessBase"]
[SourceDate "2000.11.22"]
[SourceVersion "1"]
[SourceVersionDate "2000.11.22"]
[SourceQuality "1"]

1. e4 e5 2. Nf3 Nc6 3. Bc4 Nf6 4. d3 Bc5 5. O-O d6 6. c3 Bb6 7. Bb3 Bg4 8. Re1 Qe7 9. Nbd2 a6 10. Nf1 Nd8 11. h3 Be6 12. Be3 Bxe3 13. Nxe3 g6 14. d4 c6 15. Bxe6 Qxe6 16. dxe5 dxe5 17. Qb3 Qxb3 18. axb3 Nxe4 19. Nc4 Nc5 20. Nfxe5 Nde6 21. b4 Nd7 22. Nxd7 Kxd7 23. Nb6+ Kc7 24. Nxa8+ Rxa8 25. Rad1 a5 26. Ra1 a4 27. b3 b5 28. bxa4 bxa4 29. Ra2 Kb6 30. c4 a3 31. Re3 Ra4 32. Rb3 Nd4 33. Raxa3 Nxb3 34. Rxa4 Nd2 35. b5 cxb5 36. cxb5 Nb3 37. Ra6+ Kxb5 38. Rf6 1-0

[Event "Slovan op"]
[Site "Bratislava SVK"]
[Date "2000.??.??"]
[Round "3.5"]
[White "Bednar, Jaromir"]
[Black "Krnan, Tomas"]
[Result "1-0"]
[WhiteElo "2231"]
[BlackElo "2030"]
[PlyCount "120"]
[GameId "2129405156158860"]
[EventDate "2000.04.29"]
[EventType "swiss"]
[EventRounds "9"]
[EventCountry "SVK"]
[SourceTitle "EXT 2001"]
[Source "ChessBase"]
[SourceDate "2000.11.22"]
[SourceVersion "1"]
[SourceVersionDate "2000.11.22"]
[SourceQuality "1"]

1. d4 Nf6 2. Nc3 d5 3. Bg5 Bf5 4. e3 e6 5. Nge2 Be7 6. Ng3 Bg6 7. h4 h6 8. Bf4 O-O 9. Bd3 Bh7 10. Qd2 c5 11. Bxh7+ Nxh7 12. dxc5 Bxc5 13. e4 dxe4 14. Ncxe4 Be7 15. O-O-O Nc6 16. Qc3 Qb6 17. Nh5 e5 18. Kb1 Qb4 19. Qxb4 Bxb4 20. Bd2 Bxd2 21. Rxd2 Rfd8 22. Rhd1 Kf8 23. Nd6 Rd7 24. c3 Rad8 25. Kc2 g6 26. Ng3 Ke7 27. Nge4 f5 28. Nc8+ Ke8 29. Ned6+ Kf8 30. b4 a6 31. Nb6 Rc7 32. Ndc4 Rxd2+ 33. Rxd2 e4 34. Rd6 Kg7 35. a4 Rf7 36. b5 axb5 37. axb5 Na7 38. Ne5 Re7 39. Rxg6+ Kh8 40. Nbd7 Nf8 41. Nxf8 Rxe5 42. c4 Nc8 43. Nd7 Re8 44. c5 Rd8 45. Nb6 Na7 46. Rd6 Rg8 47. Rxh6+ Kg7 48. Rd6 Nxb5 49. Rd7+ Kh6 50. g3 e3 51. fxe3 Rxg3 52. Nd5 Rg2+ 53. Kd3 Rg1 54. Kc4 Na3+ 55. Kb4 Nc2+ 56. Kc3 Ne1 57. Rxb7 Nf3 58. Rb6+ Kg7 59. c6 Ne5 60. c7 Rc1+ 1-0

[Event "Slovan op"]
[Site "Bratislava SVK"]
[Date "2000.??.??"]
[Round "4.11"]
[White "Harasta, Vladimir"]
[Black "Krnan, Tomas"]
[Result "0-1"]
[WhiteElo "2186"]
[BlackElo "2030"]
[PlyCount "108"]
[GameId "2129405156158879"]
[EventDate "2000.04.29"]
[EventType "swiss"]
[EventRounds "9"]
[EventCountry "SVK"]
[SourceTitle "EXT 2001"]
[Source "ChessBase"]
[SourceDate "2000.11.22"]
[SourceVersion "1"]
[SourceVersionDate "2000.11.22"]
[SourceQuality "1"]

1. c4 Nf6 2. Nc3 d6 3. d4 g6 4. e4 Bg7 5. Nf3 O-O 6. Be2 e5 7. O-O Nc6 8. d5 Ne7 9. Ne1 Nd7 10. Nd3 f5 11. f3 Nf6 12. Bd2 f4 13. g4 g5 14. b4 Ng6 15. Be1 h5 16. h3 Rf7 17. Kg2 Bf8 18. Bf2 Rh7 19. Rh1 Qe7 20. c5 Qg7 21. Rc1 a6 22. cxd6 Bxd6 23. a3 hxg4 24. hxg4 Nh4+ 25. Bxh4 gxh4 26. Kf1 b6 27. Rc2 Bd7 28. Qe1 Qg5 29. Nf2 Kf7 30. Bd3 Ke7 31. Qe2 b5 32. Nh3 Qg6 33. Nxf4 Qg8 34. Ne6 Bxe6 35. dxe6 Qxe6 36. Nd5+ Kf8 37. Qe1 Re8 38. g5 Nh5 39. Rxh4 Qg6 40. Rg2 Nf4 41. Nxf4 exf4 42. Rgh2 Rxh4 43. Qxh4 Kg7 44. Qg4 Re5 45. Qxf4 Rxg5 46. Qh4 Rg1+ 47. Ke2 Bxh2 48. e5 Qg2+ 49. Ke3 Qg5+ 50. Qxg5+ Rxg5 51. f4 Rg4 52. Bf5 Rxf4 53. Bc8 Rf1 54. Bxa6 Re1+ 0-1

[Event "Slovan op"]
[Site "Bratislava SVK"]
[Date "2000.??.??"]
[Round "5.7"]
[White "Krnan, Tomas"]
[Black "Mynar, Martin"]
[Result "1/2-1/2"]
[WhiteElo "2030"]
[BlackElo "2106"]
[PlyCount "66"]
[GameId "2129405156158889"]
[EventDate "2000.04.29"]
[EventType "swiss"]
[EventRounds "9"]
[EventCountry "SVK"]
[SourceTitle "EXT 2001"]
[Source "ChessBase"]
[SourceDate "2000.11.22"]
[SourceVersion "1"]
[SourceVersionDate "2000.11.22"]
[SourceQuality "1"]

1. e4 e5 2. Nf3 Nc6 3. Bc4 Nf6 4. d3 d6 5. O-O Be7 6. c3 O-O 7. Bb3 Na5 8. Bc2 c5 9. h3 Re8 10. Nbd2 Bf8 11. Re1 Qc7 12. Nf1 g6 13. Ng3 Bg7 14. Be3 Nc6 15. d4 Nd7 16. d5 Nd8 17. Qd2 f6 18. Nh2 Nf7 19. Bd1 Nf8 20. Bg4 Bd7 21. f4 exf4 22. Bxf4 Re7 23. Rf1 Rae8 24. Rae1 Qa5 25. a3 Qb6 26. Qf2 h5 27. Bxd7 Nxd7 28. Nf3 Nde5 29. Nxe5 Nxe5 30. Re2 Qb5 31. Bxe5 Rxe5 32. Rfe1 Qc4 33. Qf3 a5 1/2-1/2

[Event "Slovan op"]
[Site "Bratislava SVK"]
[Date "2000.??.??"]
[Round "6.7"]
[White "Krnan, Tomas"]
[Black "Todor, Razvan"]
[Result "1-0"]
[WhiteElo "2030"]
[BlackElo "2158"]
[PlyCount "57"]
[GameId "2129405156158904"]
[EventDate "2000.04.29"]
[EventType "swiss"]
[EventRounds "9"]
[EventCountry "SVK"]
[SourceTitle "EXT 2001"]
[Source "ChessBase"]
[SourceDate "2000.11.22"]
[SourceVersion "1"]
[SourceVersionDate "2000.11.22"]
[SourceQuality "1"]

1. e4 d5 2. exd5 Nf6 3. d4 Bg4 4. f3 Bf5 5. Bb5+ Nbd7 6. Ne2 Nxd5 7. Bd3 Bxd3 8. Qxd3 e6 9. O-O Be7 10. a3 O-O 11. c4 N5b6 12. Qc2 c5 13. Be3 cxd4 14. Bxd4 Rc8 15. b3 Bc5 16. Bxc5 Rxc5 17. Rd1 Qh4 18. Nbc3 Rh5 19. h3 Rg5 20. Ne4 Rg6 21. Kh2 f5 22. N4g3 Qf6 23. Qc3 e5 24. c5 Rc8 25. b4 Qf7 26. Qd2 f4 27. Ne4 Nf6 28. cxb6 Nxe4 29. Qd8+ 1-0

[Event "Slovan op"]
[Site "Bratislava SVK"]
[Date "2000.??.??"]
[Round "8.9"]
[White "Krnan, Tomas"]
[Black "Rohacek, Miroslav"]
[Result "0-1"]
[WhiteElo "2030"]
[BlackElo "2130"]
[PlyCount "120"]
[GameId "2129405156158935"]
[EventDate "2000.04.29"]
[EventType "swiss"]
[EventRounds "9"]
[EventCountry "SVK"]
[SourceTitle "EXT 2001"]
[Source "ChessBase"]
[SourceDate "2000.11.22"]
[SourceVersion "1"]
[SourceVersionDate "2000.11.22"]
[SourceQuality "1"]

1. e4 g6 2. d4 Bg7 3. Nc3 c6 4. f4 d5 5. e5 h5 6. Nf3 Bg4 7. h3 Bxf3 8. Qxf3 e6 9. Be3 h4 10. Bd3 Ne7 11. O-O-O Nf5 12. Bf2 Nd7 13. Ne2 Qa5 14. Kb1 O-O-O 15. Rhe1 Kb8 16. Ng1 Bf8 17. Qe2 Be7 18. Nf3 Rc8 19. Qd2 Qxd2 20. Rxd2 c5 21. c3 cxd4 22. Nxd4 Nxd4 23. Bxd4 Bc5 24. Bb5 Nb6 25. Rc1 a6 26. Be2 Rc6 27. Rdc2 Rhc8 28. b3 R8c7 29. Kb2 Nc8 30. Bd3 Ne7 31. Rg1 Rc8 32. Rf1 R6c7 33. Rd1 Ba7 34. Rcd2 Bxd4 35. cxd4 Nf5 36. Bb1 b5 37. Rd3 b4 38. R1d2 Ng3 39. Rf3 Rc1 40. Bc2 Rg1 41. Rdf2 Re1 42. Bd3 Rcc1 43. Rd2 a5 44. a3 Ra1 45. axb4 axb4 46. Rff2 Kb7 47. Bc2 Kc6 48. Bd3 Ne4 49. Bxe4 dxe4 50. Rfe2 e3 51. d5+ exd5 52. Rc2+ Kd7 53. Rxe1 Rxe1 54. Rc5 e2 55. Rxd5+ Ke7 56. Rd2 Rb1+ 57. Kxb1 e1=Q+ 58. Kc2 Qa1 59. Rd3 Qa2+ 60. Kd1 Qxg2 0-1

[Event "Slovan op"]
[Site "Bratislava SVK"]
[Date "2000.??.??"]
[Round "9.12"]
[White "Hebelka, Milos"]
[Black "Krnan, Tomas"]
[Result "0-1"]
[WhiteElo "2189"]
[BlackElo "2030"]
[PlyCount "110"]
[GameId "2129405156158953"]
[EventDate "2000.04.29"]
[EventType "swiss"]
[EventRounds "9"]
[EventCountry "SVK"]
[SourceTitle "EXT 2001"]
[Source "ChessBase"]
[SourceDate "2000.11.22"]
[SourceVersion "1"]
[SourceVersionDate "2000.11.22"]
[SourceQuality "1"]

1. d4 Nf6 2. c4 g6 3. Nf3 Bg7 4. e3 O-O 5. Be2 d6 6. O-O Nbd7 7. b4 c6 8. a4 a5 9. b5 c5 10. Bb2 cxd4 11. exd4 b6 12. Nbd2 Bb7 13. Nb3 Rc8 14. Rc1 Re8 15. d5 Qc7 16. Nbd4 Ne4 17. Bd3 Nec5 18. Ba3 e5 19. dxe6 fxe6 20. Bb1 e5 21. Nb3 e4 22. Ng5 Bh6 23. h4 Ne5 24. Nxc5 dxc5 25. Nxe4 Rf8 26. Qd6 Qxd6 27. Nxd6 Bxc1 28. Bxc1 Rc7 29. Nxb7 Rxb7 30. Be4 Re7 31. Bd5+ Nf7 32. Be3 Rfe8 33. Ra1 Kg7 34. Ra3 h6 35. g3 Nd6 36. Bf4 Nf5 37. Kg2 Kf6 38. Rf3 Kg7 39. Rd3 Nd4 40. g4 Re2 41. Be3 Nc2 42. Kf3 R2xe3+ 43. Rxe3 Nxe3 44. fxe3 Kf6 45. Bc6 Rd8 46. Ke4 Rd2 47. Be8 g5 48. h5 Ke6 49. Bc6 Ra2 50. Bd5+ Kf6 51. Bg8 Rxa4 52. Kd5 Ra1 53. Kc6 a4 54. Bh7 a3 55. Bc2 Ra2 0-1

[Event "SVK-Tch1E 2000-01"]
[Site "SVK"]
[Date "2000.??.??"]
[Round "1"]
[White "Hlinka, Michal"]
[Black "Krnan, Tomas"]
[Result "1-0"]
[WhiteElo "2213"]
[BlackElo "2030"]
[PlyCount "107"]
[GameId "2129405159022733"]
[EventDate "2000.??.??"]
[EventType "team"]
[EventRounds "11"]
[EventCountry "SVK"]
[SourceTitle "EXT 2002"]
[Source "ChessBase"]
[SourceDate "2001.11.25"]
[SourceVersion "1"]
[SourceVersionDate "2001.11.25"]
[SourceQuality "1"]

1. d4 Nf6 2. Nf3 d6 3. g3 Nbd7 4. c4 e5 5. Nc3 c6 6. Bg2 Be7 7. O-O O-O 8. e4 a6 9. a4 a5 10. h3 Qc7 11. Be3 exd4 12. Nxd4 Nc5 13. Qc2 Re8 14. Rad1 Bf8 15. Rfe1 g6 16. Nb3 Na6 17. f4 Nd7 18. Qf2 Bg7 19. Bd4 Bxd4 20. Qxd4 Qb6 21. Qxb6 Nxb6 22. Bf1 Nc5 23. Nxc5 dxc5 24. b3 Kf8 25. Kf2 Be6 26. g4 f6 27. e5 f5 28. Kg3 Rad8 29. Bd3 Ke7 30. Bc2 Na8 31. Kh4 h6 32. gxf5 Bxf5 33. Bxf5 gxf5 34. Rd6 Rh8 35. Red1 Nc7 36. Rxd8 Rxd8 37. Rxd8 Kxd8 38. Kh5 Ne6 39. Kxh6 Nxf4 40. Kg5 Nxh3+ 41. Kxf5 Ke7 42. Ne4 b6 43. Nd6 Kd7 44. Kf6 Nf4 45. Kf7 Nd3 46. Kf6 Nf4 47. Ne4 Ke8 48. e6 Nh5+ 49. Ke5 Ke7 50. Nd6 Kd8 51. Nf5 Kc7 52. Ne3 Ng7 53. Kf6 Ne8+ 54. Kf7 1-0

[Event "SVK-Tch1E 2000-01"]
[Site "SVK"]
[Date "2000.??.??"]
[Round "3"]
[White "Krnan, Tomas"]
[Black "Dlabik, Jozef"]
[Result "0-1"]
[WhiteElo "2030"]
[BlackElo "2327"]
[PlyCount "148"]
[GameId "2129405159039223"]
[EventDate "2000.??.??"]
[EventType "team"]
[EventRounds "11"]
[EventCountry "SVK"]
[SourceTitle "EXT 2002"]
[Source "ChessBase"]
[SourceDate "2001.11.25"]
[SourceVersion "1"]
[SourceVersionDate "2001.11.25"]
[SourceQuality "1"]

1. e4 e5 2. Nf3 Nc6 3. Bb5 a6 4. Ba4 Nf6 5. O-O Be7 6. Re1 b5 7. Bb3 O-O 8. c3 d6 9. h3 Nb8 10. d4 Nbd7 11. Nbd2 c5 12. Nf1 Bb7 13. Ng3 Re8 14. Bc2 Bf8 15. d5 g6 16. Be3 c4 17. Qd2 Nc5 18. Bh6 Qe7 19. Nh2 Bxh6 20. Qxh6 Qf8 21. Qh4 Qg7 22. Ng4 Nxg4 23. Qxg4 Bc8 24. Qe2 Qh6 25. Qe3 Qxe3 26. fxe3 f6 27. Rf1 Kg7 28. Rf3 Bd7 29. Raf1 Rf8 30. Kf2 Rab8 31. a3 a5 32. Ke2 b4 33. axb4 axb4 34. Kd2 b3 35. Bb1 Rf7 36. R3f2 Rbf8 37. Rf3 h5 38. h4 Bg4 39. R3f2 Kg8 40. Kc1 Na4 41. Nh1 Nc5 42. Ng3 Kg7 43. Kd2 Ra7 44. Rg1 Rfa8 45. Rff1 Kf7 46. Rc1 Ke7 47. Rgf1 Rg8 48. Rf2 Rga8 49. Rff1 Na4 50. Rf2 Nxb2 51. Rcf1 Rf8 52. Kc1 Na4 53. Kd2 Nc5 54. Kc1 Rf7 55. Kd2 Ra8 56. Kc1 Bd7 57. Kd2 Bb5 58. Kc1 Nd3+ 59. Bxd3 cxd3 60. Kb2 Bc4 61. Ra1 Rff8 62. Nf1 Ra2+ 63. Rxa2 bxa2 64. Nd2 Rb8+ 65. Ka1 Bb3 66. Nf3 Rc8 67. Nd2 Rxc3 68. Nxb3 Rxb3 69. Kxa2 d2 70. Rxd2 Rxe3 71. Kb2 Rxe4 72. g3 f5 73. Kc2 Kf6 74. Rd3 Rd4 0-1

[Event "SVK-Tch1E 2000-01"]
[Site "SVK"]
[Date "2000.??.??"]
[Round "4"]
[White "Krnan, Tomas"]
[Black "Okos, Alexander"]
[Result "0-1"]
[WhiteElo "2030"]
[BlackElo "2149"]
[PlyCount "94"]
[GameId "2129405159039268"]
[EventDate "2000.??.??"]
[EventType "team"]
[EventRounds "11"]
[EventCountry "SVK"]
[SourceTitle "EXT 2002"]
[Source "ChessBase"]
[SourceDate "2001.11.25"]
[SourceVersion "1"]
[SourceVersionDate "2001.11.25"]
[SourceQuality "1"]

1. e4 e5 2. Nf3 Nc6 3. Bc4 Bc5 4. b4 Bxb4 5. c3 Ba5 6. d4 exd4 7. O-O Nge7 8. cxd4 d5 9. exd5 Nxd5 10. Qb3 Nce7 11. Ba3 c6 12. Bxe7 Kxe7 13. Nbd2 Bxd2 14. Nxd2 b5 15. Rfe1+ Be6 16. Bd3 Re8 17. Rac1 Qb6 18. Ne4 Qxd4 19. Rxc6 Kf8 20. Bxb5 Nf4 21. Qa3+ Kg8 22. Rd6 Bd5 23. Bxe8 Ne2+ 24. Kf1 Qxe4 25. Qf3 Ng3+ 26. hxg3 Bc4+ 27. Qe2 Rxe8 28. Rd2 Bxe2+ 29. Rdxe2 Qc4 30. f3 h5 31. Kf2 Rxe2+ 32. Rxe2 g6 33. Rd2 a5 34. Re2 a4 35. Rd2 a3 36. Re2 Kg7 37. Rd2 Kf6 38. Re2 Kf5 39. Rd2 Ke5 40. Re2+ Kd5 41. Rd2+ Kc5 42. Re2 Qd3 43. Ke1 f5 44. Kf2 g5 45. Ke1 g4 46. Kf2 f4 47. gxf4 g3+ 0-1

[Event "SVK-Tch1E 2000-01"]
[Site "SVK"]
[Date "2001.??.??"]
[Round "5"]
[White "Kubala, Jan"]
[Black "Krnan, Tomas"]
[Result "1/2-1/2"]
[WhiteElo "2125"]
[BlackElo "2155"]
[PlyCount "70"]
[GameId "2129405159039308"]
[EventDate "2000.??.??"]
[EventType "team"]
[EventRounds "11"]
[EventCountry "SVK"]
[SourceTitle "EXT 2002"]
[Source "ChessBase"]
[SourceDate "2001.11.25"]
[SourceVersion "1"]
[SourceVersionDate "2001.11.25"]
[SourceQuality "1"]

1. e4 e5 2. Nf3 Nc6 3. Bb5 a6 4. Ba4 Nf6 5. O-O Be7 6. Re1 b5 7. Bb3 d6 8. c3 O-O 9. h3 Na5 10. Bc2 c5 11. d4 Qc7 12. Nbd2 cxd4 13. cxd4 Bd7 14. Nf1 Rac8 15. Bb1 Nh5 16. Nxe5 dxe5 17. Qxh5 Qxc1 18. Rxc1 Rxc1 19. Qxe5 Nc6 20. Qc7 Rd8 21. e5 g6 22. Bf5 Rxa1 23. Bxd7 Nxd4 24. Bg4 Kf8 25. f4 h5 26. f5 Nxf5 27. Bxf5 gxf5 28. Kf2 f4 29. e6 Rdd1 30. Nh2 Rac1 31. Qb8+ Kg7 32. Qe5+ Bf6 33. Qxh5 fxe6 34. Qg4+ Kf7 35. Qxf4 Rc2+ 1/2-1/2

[Event "SVK-Tch1E 2000-01"]
[Site "SVK"]
[Date "2001.??.??"]
[Round "7"]
[White "Krnan, Tomas"]
[Black "Palecek, Peter"]
[Result "1/2-1/2"]
[WhiteElo "2155"]
[BlackElo "2212"]
[PlyCount "68"]
[GameId "2129405159039389"]
[EventDate "2000.??.??"]
[EventType "team"]
[EventRounds "11"]
[EventCountry "SVK"]
[SourceTitle "EXT 2002"]
[Source "ChessBase"]
[SourceDate "2001.11.25"]
[SourceVersion "1"]
[SourceVersionDate "2001.11.25"]
[SourceQuality "1"]

1. e4 e5 2. Nf3 Nc6 3. Bc4 Bc5 4. b4 Bxb4 5. c3 Be7 6. d4 Na5 7. Be2 d6 8. Qa4+ c6 9. dxe5 dxe5 10. Nxe5 Nf6 11. O-O O-O 12. Rd1 Qc7 13. Bf4 b5 14. Qc2 Qb6 15. Nd2 Be6 16. Ndf3 a6 17. h3 c5 18. Ng5 h6 19. Nxe6 Qxe6 20. Bf3 Rad8 21. Ng4 Nc4 22. Nxf6+ Bxf6 23. Rd5 Be5 24. Bxe5 Nxe5 25. Qd1 Nxf3+ 26. Qxf3 Rde8 27. Rxc5 Qxe4 28. Qxe4 Rxe4 29. a4 bxa4 30. Ra5 Rc8 31. R5xa4 Rxa4 32. Rxa4 Rxc3 33. Rxa6 Rc1+ 34. Kh2 Rc2 1/2-1/2

[Event "SVK-Tch1E 2000-01"]
[Site "SVK"]
[Date "2001.??.??"]
[Round "9"]
[White "Krnan, Tomas"]
[Black "Profant, Tibor"]
[Result "0-1"]
[WhiteElo "2155"]
[BlackElo "2163"]
[PlyCount "50"]
[GameId "2129405159039468"]
[EventDate "2000.??.??"]
[EventType "team"]
[EventRounds "11"]
[EventCountry "SVK"]
[SourceTitle "EXT 2002"]
[Source "ChessBase"]
[SourceDate "2001.11.25"]
[SourceVersion "1"]
[SourceVersionDate "2001.11.25"]
[SourceQuality "1"]

1. e4 e6 2. d3 d5 3. Nd2 Nf6 4. Ngf3 Be7 5. g3 c5 6. Bg2 Nc6 7. O-O Qc7 8. Re1 b6 9. e5 Nd7 10. Qe2 Bb7 11. Nf1 h6 12. h4 O-O-O 13. N1h2 Rdg8 14. Ng4 Nd8 15. h5 Bg5 16. Nxg5 hxg5 17. Bxg5 Rxh5 18. Bf4 Rgh8 19. Bf3 Nc6 20. c3 g5 21. Bd2 d4 22. Nf6 g4 23. Nxg4 Ncxe5 24. Bxb7+ Qxb7 25. Qe4 Nxg4 0-1

[Event "SVK-Tch3C 2000-01"]
[Site "SVK"]
[Date "2000.??.??"]
[Round "1"]
[White "Gregor, Jozef"]
[Black "Krnan, Tomas"]
[Result "1/2-1/2"]
[WhiteElo "2098"]
[BlackElo "2030"]
[PlyCount "40"]
[GameId "2129405159085893"]
[EventDate "2000.??.??"]
[EventType "team"]
[EventRounds "9"]
[EventCountry "SVK"]
[SourceTitle "EXT 2002"]
[Source "ChessBase"]
[SourceDate "2001.11.25"]
[SourceVersion "1"]
[SourceVersionDate "2001.11.25"]
[SourceQuality "1"]

1. d4 Nf6 2. c4 g6 3. Nc3 Bg7 4. Bg5 d6 5. e4 O-O 6. Be2 Nbd7 7. Nf3 e5 8. dxe5 dxe5 9. O-O Re8 10. Nd5 c6 11. Nxf6+ Nxf6 12. Qc2 Qc7 13. h3 Be6 14. Rfd1 Rad8 15. b3 h6 16. Be3 Kh7 17. Rxd8 Rxd8 18. Rd1 Rxd1+ 19. Bxd1 Nd7 20. Ne1 Bf8 1/2-1/2

[Event "SVK-Tch3C 2000-01"]
[Site "SVK"]
[Date "2000.??.??"]
[Round "2"]
[White "Krnan, Tomas"]
[Black "Banduka, Zeljko"]
[Result "1/2-1/2"]
[WhiteElo "2030"]
[BlackElo "2070"]
[PlyCount "59"]
[GameId "2129405159085947"]
[EventDate "2000.??.??"]
[EventType "team"]
[EventRounds "9"]
[EventCountry "SVK"]
[SourceTitle "EXT 2002"]
[Source "ChessBase"]
[SourceDate "2001.11.25"]
[SourceVersion "1"]
[SourceVersionDate "2001.11.25"]
[SourceQuality "1"]

1. e4 d5 2. exd5 Qxd5 3. Nc3 Qa5 4. d4 Nf6 5. Nf3 Bf5 6. Bd2 c6 7. Bc4 e6 8. O-O Nbd7 9. Re1 Qc7 10. h3 O-O-O 11. a4 Bd6 12. a5 h6 13. Qe2 g5 14. Ne5 Nxe5 15. dxe5 Bxe5 16. Be3 Kb8 17. Bxa7+ Kxa7 18. Qxe5 Qxe5 19. Rxe5 Bxc2 20. Be2 Nd5 21. Bf3 Nb4 22. Be4 Rd2 23. Bxc2 Rxc2 24. Re4 Rxb2 25. Na4 Ra2 26. Rxa2 Nxa2 27. Rd4 Ka6 28. Nc5+ Kxa5 29. Nxb7+ Kb6 30. Nd8 1/2-1/2

[Event "SVK-Tch3C 2000-01"]
[Site "SVK"]
[Date "2001.??.??"]
[Round "5"]
[White "Sokol, Lubomir"]
[Black "Krnan, Tomas"]
[Result "0-1"]
[WhiteElo "2171"]
[BlackElo "2155"]
[PlyCount "78"]
[GameId "2129405159094286"]
[EventDate "2000.??.??"]
[EventType "team"]
[EventRounds "9"]
[EventCountry "SVK"]
[SourceTitle "EXT 2002"]
[Source "ChessBase"]
[SourceDate "2001.11.25"]
[SourceVersion "1"]
[SourceVersionDate "2001.11.25"]
[SourceQuality "1"]

1. e4 e5 2. Nf3 Nc6 3. Bb5 a6 4. Bxc6 dxc6 5. O-O Qd6 6. d4 exd4 7. Nxd4 Bd7 8. Be3 O-O-O 9. Qe2 Nh6 10. f3 Qg6 11. Nd2 Re8 12. N4b3 f5 13. Nc5 Bxc5 14. Bxc5 fxe4 15. fxe4 Ng4 16. Bb4 Re5 17. Bc3 Rh5 18. Nf3 Re8 19. Rae1 c5 20. h3 Nf6 21. Bxf6 gxf6 22. Kh2 Bc6 23. Nd2 f5 24. Rf4 fxe4 25. Qg4+ Qxg4 26. Rxg4 e3 27. Nc4 e2 28. Rg3 Bb5 29. Re3 Rxe3 30. Nxe3 Re5 31. Ng4 Rf5 32. c4 Bxc4 33. Ne3 Rf1 34. Nc2 Bd3 35. g4 Bxc2 36. Rxe2 Bd3 37. Rd2 c4 38. Kg2 Rc1 39. b3 cxb3 0-1

[Event "SVK-Tch3C 2000-01"]
[Site "SVK"]
[Date "2001.??.??"]
[Round "6"]
[White "Krnan, Tomas"]
[Black "Lakatos, Vladimir"]
[Result "1-0"]
[WhiteElo "2155"]
[BlackElo "2121"]
[PlyCount "89"]
[GameId "2129405159094311"]
[EventDate "2000.??.??"]
[EventType "team"]
[EventRounds "9"]
[EventCountry "SVK"]
[SourceTitle "EXT 2002"]
[Source "ChessBase"]
[SourceDate "2001.11.25"]
[SourceVersion "1"]
[SourceVersionDate "2001.11.25"]
[SourceQuality "1"]

1. e4 c5 2. d3 Nc6 3. g3 Nf6 4. Bg2 d5 5. Nd2 dxe4 6. dxe4 e5 7. Ngf3 Be6 8. O-O h6 9. c3 Bd6 10. Qc2 Qc7 11. Re1 O-O-O 12. Nf1 Kb8 13. Ne3 g6 14. Bd2 Rdf8 15. Reb1 Ng4 16. Nd5 Qd8 17. h3 Nf6 18. Ne1 Nxd5 19. exd5 Bf5 20. Be4 Bxe4 21. Qxe4 f5 22. Qc4 Ne7 23. Nd3 Qc7 24. Re1 g5 25. b4 Rc8 26. bxc5 e4 27. Qb4 Bxc5 28. Nxc5 Qxc5 29. c4 Ng6 30. Rec1 Ne5 31. Qxc5 Rxc5 32. Bb4 Nf3+ 33. Kg2 Rcc8 34. Bd6+ Ka8 35. c5 Rhg8 36. Rab1 Rg6 37. Rb2 h5 38. Rcb1 Rg7 39. a4 Nd4 40. a5 Nf3 41. c6 Rcc7 42. Bxc7 Rxc7 43. Rxb7 Rxb7 44. cxb7+ Kb8 45. a6 1-0

[Event "SVK-chT2E 9900"]
[Site "Slovakia"]
[Date "2000.??.??"]
[Round "?"]
[White "Harasta, Igor"]
[Black "Krnan, Tomas"]
[Result "0-1"]
[WhiteElo "2213"]
[BlackElo "2030"]
[PlyCount "70"]
[GameId "1166641712087040"]
[EventDate "1999.??.??"]
[EventType "team"]
[EventRounds "9"]
[EventCountry "SVK"]
[SourceTitle "EXT 2001"]
[Source "ChessBase"]
[SourceDate "2000.11.22"]
[SourceVersion "1"]
[SourceVersionDate "2000.11.22"]
[SourceQuality "1"]

1. e4 e5 2. Nf3 Nc6 3. Nc3 Nf6 4. Bb5 Bb4 5. d3 d6 6. O-O O-O 7. Bg5 Ne7 8. Bxf6 gxf6 9. Nh4 Ng6 10. Nf5 Bxc3 11. bxc3 Bxf5 12. exf5 Ne7 13. f4 Nd5 14. fxe5 dxe5 15. Qh5 Kh8 16. Bc4 Nf4 17. Qh6 Rg8 18. Kh1 Rg5 19. Bxf7 Qe7 20. h4 Rg4 21. Be6 Nxg2 22. h5 Nf4 23. Rf2 Rf8 24. Rg1 Rxg1+ 25. Kxg1 Nh3+ 26. Kf1 Nxf2 27. Kxf2 Qg7 28. Qe3 Qg5 29. Qxa7 Qd2+ 30. Kg1 Qd1+ 31. Kf2 Qxc2+ 32. Ke3 Qxc3 33. Qxb7 Rd8 34. Bc4 Qe1+ 35. Kf3 Qh1+ 0-1